000 00427nam a2200181Ia 4500
005 20250425161552.0
008 250425s9999 xx 000 0 und d
041 _aeng
082 _a628.167
110 _aAMERICAN CHEMICAL SOCIETY
245 0 _aSALINE WATER CONVERSION; A COLLECTION OF PAPE
250 _aS.E.
260 _aS.L.
260 _aSin Pais
_bS.E.
_c1960
300 _a246
942 _c01
010 _a23216
999 _c211790
_d211790